[Event "Suedwestfalen-ch U16"]
[Site "Meinerzhagen"]
[Date "2004.04.03"]
[Round "1"]
[White "Baran, Daniel"]
[Black "Koch, Robin"]
[Result "1/2-1/2"]
[WhiteElo "1472"]
[BlackElo "1347"]
[PlyCount "28"]
[EventDate "2004.04.03"]
[EventType "tourn"]
[EventRounds "7"]
[EventCountry "GER"]
[SourceTitle "EXT 2006"]
[Source "ChessBase"]
[SourceDate "2005.11.24"]
[SourceVersion "1"]
[SourceVersionDate "2005.11.24"]
[SourceQuality "1"]

1. e4 e5 2. Nf3 Nc6 3. Bb5 d6 4. d4 exd4 5. Nxd4 Bd7 6. Bxc6 bxc6 7. 0-0 Nf6 8. Nc3 Be7 9. Bf4 0-0 10. Re1 Rb8 11. b3 c5 12. Nf3 Bc6 13. Qd2 Rb4 14. Qd3 Qa8 1/2-1/2

[Event "NRW Holiday U16"]
[Site "Wewelsburg"]
[Date "2003.09.07"]
[Round "3"]
[White "Koch, Robin"]
[Black "Iseringhausen, Martin"]
[Result "1/2-1/2"]
[WhiteElo "1526"]
[BlackElo "1374"]
[PlyCount "38"]
[EventDate "2003.09.??"]
[EventType "swiss"]
[EventRounds "7"]
[EventCountry "GER"]
[SourceTitle "EXT 2005"]
[Source "ChessBase"]
[SourceDate "2004.11.15"]
[SourceVersion "1"]
[SourceVersionDate "2004.11.15"]
[SourceQuality "1"]

1. e4 e6 2. Nf3 d5 3. exd5 exd5 4. d4 Nf6 5. Be2 Nc6 6. 0-0 Bd6 7. Bg5 Bg4 8. Nc3 Bb4 9. Re1 0-0 10. Ne5 Bxe2 11. Rxe2 Bxc3 12. bxc3 Re8 13. Nxc6 bxc6 14. Rxe8+ Qxe8 15. Bxf6 gxf6 16. Qd2 Qf8 17. h3 Re8 18. a4 Qe7 19. Qd3 c5 1/2-1/2